Sobre un concepto histórico de ciencia: de la epistemología actual a la dialéctica

保存先:
書誌詳細
第一著者: Pérez Soto, Carlos (著者)
フォーマット: 図書
言語:スペイン語
出版事項: Santiago LOM 2008
版:2a. ed
主題:
タグ: タグ追加
タグなし, このレコードへの初めてのタグを付けませんか!

MARC

LEADER 00000cam a2200000 a 4500
001 UCH4925
003 CL-VaPUC
008 090910e20080000CL |||||||||||||||||spa|d
020 |a 9789562829915 
082 0 4 |a 501  |b PER  |2 21 
100 0 |a Pérez Soto, Carlos  |e author  |9 540966 
245 1 0 |a Sobre un concepto histórico de ciencia: de la epistemología actual a la dialéctica 
250 |a 2a. ed 
300 |a 252 p 
942 |c BK 
945 |d 20090910 00:00:00  |a dcastane 
260 |a Santiago  |b LOM  |c 2008 
650 0 |a Filosofía de las ciencias  |9 256466 
650 0 |a Epistemología   |9 264994 
650 0 |a Dialéctica  |9 257902 
583 |a last modification  |c 20120930 10:35:52  |k Rodrigo Vera 
999 |c 336156  |d 336154 
952 |0 0  |1 0  |4 0  |6 501_000000000000000_PER_2008  |7 0  |8 X  |9 427132  |a FDOBUD  |b FDOBUD  |d 2019-11-22  |i 4597850  |o 501 PER 2008  |p 4597850  |r 2019-11-22  |w 2019-11-22  |y BK_X  |k BUD 
952 |0 0  |1 0  |4 0  |6 501_000000000000000_PER_2008  |7 0  |8 A  |9 427133  |a BIBING  |b BIBING  |d 2019-11-22  |i 4875095  |o 501 PER 2008  |p 4875095  |r 2025-01-20  |w 2019-11-22  |y BK  |k CUI